[Event "GCT Saint Louis Blitz 2018"]
[Site "Saint Louis"]
[Date "2018.08.14"]
[Round "7"]
[White "Grischuk, Alexander"]
[Black "Caruana, Fabiano"]
[Result "1-0"]
[WhiteElo "2831"]
[BlackElo "2709"]
[Annotator "TA"]
[PlyCount "98"]
[EventDate "2018.08.14"]
[EventType "tourn"]
[EventCountry "USA"]
[SourceTitle "playchess.com"]
[Source "ChessBase"]
[SourceQuality "1"]

{[%evp 19,98,-6,0,-13,6,-22,10,15,33,31,18,0,77,45,37,66,64,74,134,100,104,38,31,58,19,-37,-38,-41,-26,-200,-205,-253,0,0,0,0,43,39,44,41,118,111,99,111,142,0,0,0,250,69,705,722,681,404,391,385,579,537,577,579,504,221,224,145,493,473,906,873,689,673,639,612,572,313,299,258,250,8,268,-535,-534]} 1. Nf3 d5 2. b3 Bg4 3. e3 Nd7 4. Bb2 Ngf6 5. h3 Bh5 6. g4 {A06: Réti Opening:1 Nf3 d5} Bg6 7. Nh4 (7. g5 Ne4 8. d3 Nd6 9. Nh4 Nf5 10. Nxf5 Bxf5 11. Qf3 Be6 12. c4 c6 13. h4 h6 {½-½ (52) Sochacki,C (2459)-Moroni,L (2556) Le Castella 2018}) 7... e5 8. d3 c6 9. Nd2 Bd6 10. Bg2 O-O {LiveBook: 5 Games} 11. Qe2 $146 ({Predecessor:} 11. Nxg6 hxg6 12. h4 Nc5 13. g5 Nh7 {1-0 (51) Fauland,A (2436)-Michalik,P (2455) Austria 2010}) 11... a5 12. a3 Re8 13. Nxg6 hxg6 14. g5 Nh5 15. Qg4 e4 (15... Nc5 $11 {keeps the balance.}) 16. dxe4 $16 Be5 17. O-O-O Bxb2+ 18. Kxb2 Ne5 (18... a4 $142) 19. Qh4 d4 20. Nf3 (20. Nb1 $1 $16) 20... a4 $14 21. Rxd4 Qb6 22. Rb4 ({White should play} 22. Nxe5 $11 Rxe5 23. Ra1) 22... Qc5 $15 23. Nxe5 Qxe5+ 24. Kb1 $2 (24. Ka2 $1 $11) 24... c5 $1 $19 {[%cal Rc5b4]} 25. Rxa4 Rxa4 $2 (25... c4 $1 $19 {[%cal Rc4b3]} 26. Rc1 Rxa4 27. bxa4 Re6) 26. bxa4 $11 {Strongly threatening Rd1.} Ra8 27. Qg4 $1 {Threatens to win with Rd1.} Rxa4 28. Qc8+ Kh7 29. Qxb7 {h4 is the strong threat.} c4 (29... Qxg5 $14 30. e5 Rxa3) 30. Ka2 $1 $16 {And now h4 would win.} (30. Qxf7 Rxa3 31. Kc1 c3 32. Qb7 Ra1+ 33. Qb1 Qa5 34. Kd1 Rxb1+ 35. Ke2 Qa2 36. Rf1 Rxf1 37. Bxf1 Qxc2+ 38. Kf3 Qd1+ 39. Kg2 c2 40. e5 c1=Q 41. e6 Qxf1+ 42. Kf3 Qcc4 43. e7 Qxh3#) 30... Qxg5 31. Bf3 Nf6 32. h4 (32. Qxf7 {leads to mate.} Qc5 33. Kb1 Qxa3 34. Qxg6+ Kxg6 35. Rg1+ Kh7 36. Rxg7+ Kxg7 37. c3 Qxc3 38. h4 Ra1#) ({Better is} 32. Qb2 $16) 32... Qa5 $1 $11 ({Don't play} 32... Qc5 $6 33. Qb2 $16) 33. Qb2 {Black must now prevent h5!} Qd2 $2 (33... c3 $11 34. Qb3 Nd7) 34. e5 $2 (34. c3 $1 $18 Qd6 35. h5) 34... Nd7 $2 {[%mdl 8192]} (34... Nd5 $14) 35. h5 $18 g5 36. Be4+ Kh6 37. Qd4 Qa5 (37... Qxd4 $142 38. exd4 c3) 38. Qd6+ f6 39. exf6 Nxf6 40. Bc6 (40. Qf8 $142 {Qh8+ would kill now.} Rxa3+ 41. Qxa3 Qxa3+ 42. Kxa3 Nxe4 43. f3) 40... Qb6 41. f4 g4 $2 {[%mdl 8192]} (41... Ra5 $16 42. Qe6 Qc5 43. fxg5+ Qxg5) 42. Rb1 Qa6 (42... Rxa3+ $142 43. Qxa3 Qxc6) 43. Rb8 {[%cal Rb8h8]} Kh7 44. Qc5 {White threatens Qf5+ and mate.} Rxa3+ 45. Qxa3 Qxc6 46. Qa8 Qxa8+ 47. Rxa8 g3 {aiming for ...g2.} 48. Rd8 $2 (48. Kb2 $18) 48... Ne4 $2 {[%mdl 8192] [#]} (48... Kh6 $11 {and Black is okay.} 49. Rh8+ Nh7) 49. Ka3 $4 {[%mdl 8192] [#]} (49. Kb2 $1 $18 {is the narrow road to win.}) 49... Nc3 $1 {[%mdl 32768] Precision: White = 36%, Black = 44%. . Loss on Time!?} 1-0

[Event "GCT Saint Louis Blitz 2018"]
[Site "Saint Louis"]
[Date "2018.08.14"]
[Round "7"]
[White "Mamedyarov, Shakhriyar"]
[Black "So, Wesley"]
[Result "1-0"]
[WhiteElo "2795"]
[BlackElo "2800"]
[Annotator "TA"]
[PlyCount "85"]
[EventDate "2018.08.14"]
[EventType "tourn"]
[EventCountry "USA"]
[SourceTitle "playchess.com"]
[Source "ChessBase"]
[SourceQuality "1"]

{[%evp 13,85,0,0,0,0,0,0,-63,13,28,26,9,16,2,0,0,0,0,0,0,0,0,35,45,44,45,54,56,49,35,36,53,30,14,15,15,15,15,1,0,0,0,178,178,178,178,178,178,170,162,187,182,251,251,251,251,251,251,251,251,250,250,4622,4622,4621,4618,4614,4427,4586,810,679,679,29988,29989]} 1. Nf3 {Ribli,Z} d5 2. e3 Nf6 3. c4 e6 4. Nc3 Be7 5. b3 O-O 6. Bb2 c5 7. cxd5 Nxd5 {LiveBook: 43 Games} 8. Qb1 {A13: English Opening: 1...e6} (8. Nxd5 exd5 9. d4 Qa5+ 10. Qd2 Qxd2+ 11. Kxd2 Nc6 12. dxc5 Bxc5 13. Bb5 Bb4+ 14. Ke2 Be6 15. Rac1 Rac8 {1-0 (55) Carlsen,M (2834)-Giri,A (2752) Wijk aan Zee 2018}) 8... b6 $146 ({Predecessor:} 8... Nc6 9. Bd3 h6 10. O-O Qc7 11. Rc1 Rd8 12. Nxd5 exd5 13. Bh7+ Kh8 14. Bf5 b6 15. d4 a5 16. Bxc8 Qxc8 {½-½ (23) Bischoff,K (2505)-Beliavsky,A (2640) Munich 1990 CBM 018 [Ribli,Z]}) 9. Nxd5 exd5 10. d4 (10. Bd3 $11) 10... a5 (10... cxd4 $1 $15 11. Nxd4 Bb4+ 12. Kd1 Bc5) 11. Bd3 $11 h6 12. O-O a4 13. e4 {next exd5 is good for White.} (13. Rd1 {feels hotter.} Be6 14. e4 axb3 15. axb3 Rxa1 16. Bxa1 Nc6 17. exd5 Bxd5 18. dxc5 bxc5 19. Bb2) 13... axb3 14. axb3 Rxa1 15. Qxa1 dxe4 16. Bxe4 Bf6 17. Rd1 Bg4 (17... Qe7 {keeps more tension.} 18. Re1 Qc7 19. dxc5 Bxb2 20. Qxb2 bxc5 21. Qc3 Nd7) 18. dxc5 Bxb2 19. Rxd8 Bxa1 {[#]} 20. Bh7+ $1 {[%mdl 512]} Kxh7 21. Rxf8 Nd7 22. Ra8 Bxf3 $1 23. gxf3 Be5 24. Re8 Bf4 ({But not} 24... bxc5 $2 25. Re7 $18) 25. Re4 {Strongly threatening c6.} Bb8 $1 26. Re8 {Threatens to win with c6.} Bf4 ({Don't play} 26... bxc5 $6 27. Rd8 $16) 27. c6 Ne5 $2 (27... Nb8 $11 {and Black stays safe.} 28. Re4 Bd6) 28. c7 $18 Nxf3+ 29. Kg2 Nh4+ 30. Kh3 Bxc7 31. Rc8 ({Much less strong is} 31. Kxh4 $6 Bxh2 32. Re7 g5+ 33. Kh3 Bd6 $16) 31... Bd6 {White must now prevent ...Nf5.} 32. Kxh4 Bxh2 {[%mdl 4096] Endgame KR-KB} (32... Bc5 $142 33. f4 Kg6) 33. Rc6 Be5 34. Rxb6 Bd4 35. Rc6 Bxf2+ 36. Kh3 Be1 37. Rc4 Kg6 $2 {[#]} (37... h5 38. b4 Bf2) 38. b4 $1 {[%cal Bb3b4,Bb4b5][%mdl 32]} Kf5 {[#]} 39. b5 $1 {[%cal Rb5b6]} Bf2 40. Kg2 Ba7 41. Rc7 (41. Rc6 $142 Bb8 42. b6) 41... Bd4 42. Rc6 Kg4 43. Rc4 {Precision: White = 80%, Black = 49%.} 1-0

[Event "GCT Saint Louis Blitz 2018"]
[Site "Saint Louis"]
[Date "2018.08.14"]
[Round "7"]
[White "Dominguez Perez, Leinier"]
[Black "Anand, Viswanathan"]
[Result "1/2-1/2"]
[WhiteElo "2687"]
[BlackElo "2812"]
[Annotator "TA"]
[PlyCount "44"]
[EventDate "2018.08.14"]
[EventType "tourn"]
[EventCountry "USA"]
[SourceTitle "playchess.com"]
[Source "ChessBase"]
[SourceQuality "1"]

{[%evp 22,44,20,15,13,23,23,27,20,6,5,0,0,7,5,0,0,-14,0,-5,-5,-5,-4,-8,-8]} 1. d4 Nf6 2. Nf3 d5 3. c4 e6 4. g3 dxc4 5. Bg2 c5 6. O-O Nc6 7. dxc5 Qxd1 {E04: Open Catalan: 5 Nf3} 8. Rxd1 Bxc5 9. Nfd2 Na5 10. Na3 Bxa3 11. bxa3 Bd7 (11... Nd5 12. Ne4 O-O 13. Bd2 b6 14. Rac1 Ba6 15. Bxa5 bxa5 {1-0 (39) Carlsen,M (2837)-Harikrishna,P (2744) Riadh 2017}) 12. Bb2 $1 {[%cal Rb2c3] LiveBook: 4 Games} Rc8 {[#] Strongly threatening ...c3.} 13. Bc3 b6 14. Rdc1 {[#]} Rc7 $146 ({Predecessor:} 14... O-O 15. Bxa5 bxa5 16. Nxc4 {½-½ (39) Prohaszka,P (2613)-Fridman,D (2636) Saint Louis 2018}) 15. Bxa5 {The position is equal.} bxa5 16. Rxc4 Rxc4 17. Nxc4 Ke7 18. Nxa5 Rc8 19. Nb3 Ne8 20. Rc1 Rxc1+ 21. Nxc1 Nd6 22. Kf1 Nc4 1/2-1/2

[Event "GCT Saint Louis Blitz 2018"]
[Site "Saint Louis"]
[Date "2018.08.14"]
[Round "8"]
[White "Grischuk, Alexander"]
[Black "Dominguez Perez, Leinier"]
[Result "1-0"]
[WhiteElo "2831"]
[BlackElo "2687"]
[Annotator "TA"]
[PlyCount "85"]
[EventDate "2018.08.14"]
[EventType "tourn"]
[EventCountry "USA"]
[SourceTitle "playchess.com"]
[Source "ChessBase"]
[SourceQuality "1"]

{[%evp 17,85,-11,0,0,0,0,0,-20,-23,-18,0,0,0,0,0,0,0,0,0,0,-2,-92,-81,-88,-87,-113,-113,-138,-125,-124,-124,-132,-103,-184,-110,-184,-184,-184,-178,-170,-160,-170,-175,-316,-336,-297,0,0,69,81,543,526,585,567,572,569,5173,542,5289,1792,29973,29974,29974,29976,29978,29978,29982,29983,29983,29983]} 1. e4 e5 2. Nf3 Nc6 3. d4 exd4 4. Bc4 Bc5 5. Ng5 Nh6 6. Nxf7 Nxf7 7. Bxf7+ Kxf7 8. Qh5+ g6 9. Qxc5 d5 {LiveBook: 8 Partien. C44: Schottische Partie} 10. O-O dxe4 11. c3 Qd6 {Die Stellung ist ausgeglichen.} (11... Re8 12. cxd4 Nxd4 13. Nc3 b6 14. Qc4+ Be6 15. Qa4 c5 16. Nxe4 Bd5 17. f3 Bxe4 18. fxe4+ {½-½ (104) Kovalev,V (2655)-Kramnik,V (2792) Dortmund 2018}) 12. cxd4 Nxd4 13. Qxd6 cxd6 14. Nc3 $1 Bg4 $146 {[%mdl 2048] Schwarz hat Druck.} ({Vorgänger:} 14... Bf5 15. Bf4 Rac8 16. Rad1 Rxc3 17. Rxd4 {½-½ (52) Mueller,M (2107)-Syrov,A (2262) Landau 2018}) 15. Nxe4 Nc2 16. f3 Nxa1 17. fxg4+ Ke6 18. Ng5+ Kd7 $1 {Droht ...Sc2.} 19. Rf7+ (19. Rd1 $11 {hält das Gleichgewicht.}) 19... Kc6 $17 20. Nxh7 Rae8 21. Bd2 Re2 22. Bc3 {[#]} Rhe8 $1 23. Nf8 g5 24. Nh7 Nc2 {Und ...d5 würde nun gewinnen.} 25. Rf2 (25. Nxg5 $17 Ne3 26. Rf2 Nxg4 27. Rxe2 Rxe2 28. Nf3) 25... d5 (25... Rxf2 $19 26. Kxf2 d5 27. Nxg5 d4) 26. Nxg5 (26. Rxe2 $17 Rxe2 27. Kf1) 26... d4 $19 27. Bd2 d3 28. Nf3 Rxf2 29. Kxf2 {[%mdl 4096] Endspiel KTS-KLS} Re2+ 30. Kg3 (30. Kf1 {ist der einzige Weg für Weiss..}) 30... Kd5 31. g5 {[%cal Bg4g5,Bg5g6][%mdl 32] [#]} Ke6 $2 (31... Ne3 $1 $19 {[%cal Re3f1]} 32. Kf4 Nf1) 32. h4 $1 $11 {[%cal Bh2h4,Bh4h5][%mdl 32]} Kf5 (32... Kf7 $1 $11) 33. h5 $14 Re4 $2 {[%mdl 8192]} (33... Rxd2 $16 {leistet mehr Widerstand.} 34. Nxd2 Kxg5) 34. g6 $18 Nd4 35. Nxd4+ Rxd4 {KT-KL} 36. Kf3 Rg4 37. g3 (37. h6 $142 Rf4+ 38. Bxf4 Kxg6 39. Ke4) 37... b5 38. Bf4 (38. h6 $142 Rxg6 39. h7) 38... a5 39. Ke3 {Weiß setzt Matt.} b4 40. Kxd3 a4 41. Kc4 a3 42. bxa3 bxa3 43. Kb3 {Precision: Weiß = 55%, Schwarz = 47%.} 1-0

[Event "GCT Saint Louis Blitz 2018"]
[Site "Saint Louis"]
[Date "2018.08.14"]
[Round "8"]
[White "Anand, Viswanathan"]
[Black "Aronian, Levon"]
[Result "1/2-1/2"]
[WhiteElo "2812"]
[BlackElo "2871"]
[Annotator "TA"]
[PlyCount "62"]
[EventDate "2018.08.14"]
[EventType "tourn"]
[EventCountry "USA"]
[SourceTitle "playchess.com"]
[Source "ChessBase"]
[SourceQuality "1"]

{[%evp 24,62,9,10,25,0,2,2,10,1,16,16,12,13,20,13,18,17,14,15,13,16,27,7,13,4,4,3,13,13,13,13,17,13,13,0,13,13,13,13,13]} 1. e4 e5 2. Nf3 Nc6 3. Bb5 Nf6 4. O-O Nxe4 5. Re1 Nd6 6. Nxe5 Be7 7. Bf1 Nxe5 8. Rxe5 O-O 9. d4 Ne8 {C67: Ruy Lopez: Berlin Defence: 4 0-0 Nxe4} 10. Nc3 {[%cal Bb1c3,Bc3e2,Be2f4][%mdl 32]} (10. Re1 d5 11. Bf4 Bd6 12. Bxd6 Nxd6 13. Nd2 c6 14. c3 Bf5 15. Nf3 Qb6 16. Qb3 Qxb3 17. axb3 {½-½ (29) Anand,V (2759)-Aronian,L (2764) Paris 2018}) 10... Bf6 11. Re1 d5 12. Ne2 c6 13. c3 {[#] LiveBook: 3 Games} g6 $146 ({Predecessor:} 13... Bf5 14. Ng3 Bg6 15. Bd3 Nc7 16. Nf5 Ne6 17. Qg4 c5 18. dxc5 Nxc5 19. Bc2 Ne4 20. Be3 Qc8 {0-1 (20) Vachier Lagrave,M (2745)-Aronian,L (2803) Beijing 2013}) 14. Nf4 Ng7 15. g3 Bf5 16. Ng2 Qb6 17. Ne3 Rfe8 18. Nxf5 Nxf5 19. Bd3 Rxe1+ 20. Qxe1 Ng7 21. Qd1 Re8 22. Rb1 Ne6 23. Bd2 Bg5 {The position is equal.} 24. h4 Bxd2 25. Qxd2 Qa5 26. b4 $36 {[%mdl 2048] White is pushing.} Qd8 27. a4 h5 28. Kg2 a6 29. Re1 Ng7 30. Rxe8+ Nxe8 31. a5 Qf6 {Precision: White = 64%, Black = 43%.} 1/2-1/2

[Event "GCT Saint Louis Blitz 2018"]
[Site "Saint Louis"]
[Date "2018.08.14"]
[Round "8"]
[White "So, Wesley"]
[Black "Vachier-Lagrave, Maxime"]
[Result "1/2-1/2"]
[WhiteElo "2800"]
[BlackElo "2878"]
[Annotator "TA"]
[PlyCount "93"]
[EventDate "2018.08.14"]
[EventType "tourn"]
[EventCountry "USA"]
[SourceTitle "playchess.com"]
[Source "ChessBase"]
[SourceQuality "1"]

{[%evp 22,93,10,9,8,10,19,15,17,18,37,28,49,52,59,35,52,13,25,21,14,12,16,13,13,6,6,6,6,6,13,13,13,13,20,6,6,0,6,6,6,6,6,6,6,6,12,13,13,6,13,6,13,6,20,20,20,0,12,0,0,0,0,0,0,0,0,0,0,0,0,0,0,0]} 1. c4 c5 2. Nf3 Nf6 3. d4 cxd4 4. Nxd4 e6 5. Nc3 Nc6 6. a3 Be7 7. e4 O-O {A33: Symmetrical English: 2 Nf3 Nf6 3 d4 cxd4 4 Nxd4 e6 5 Nc3 Nc6} 8. Nf3 Qa5 9. Bd2 Qh5 10. Be2 d5 11. exd5 exd5 12. cxd5 {LiveBook: 14 Games} Nxd5 13. Nd4 (13. O-O Nf6 14. Nd4 Qc5 15. Nxc6 Qxc6 {½-½ (45) Carlsen,M (2843)-Anand,V (2760) Stavanger 2018}) 13... Qe5 14. Nxc6 bxc6 15. O-O {[#]} Rb8 $146 16. Nxd5 cxd5 17. Bc3 Qg5 18. Qd4 Rb6 19. Bf3 Be6 20. Qa4 Rb7 {The position is equal.} 21. Rad1 Bf6 $1 22. h4 (22. Bd4 {feels hotter.} h6 23. b4 Rd8 24. Qa6 Rbd7 25. Rfe1) 22... Qf5 23. Bxf6 Qxf6 24. Bxd5 Bxd5 25. Rxd5 Qxb2 26. Rfd1 h6 27. g3 Qf6 28. Rd7 Rxd7 29. Rxd7 $11 {[%mdl 4096] Endgame KQR-KQR} a6 (29... Qf3 {keeps more tension.} 30. Re7 a5 31. Re3 Qd5 32. Qf4 Rc8) 30. Qd4 Qxd4 31. Rxd4 {KR-KR} Re8 32. Rd6 a5 33. Rd5 a4 34. Rd4 Ra8 35. Kf1 g6 36. Ke2 Kg7 37. Kd3 Kf6 38. Kc3 Ke5 39. Rf4 f5 40. Kb4 g5 41. hxg5 hxg5 42. Rc4 Kd5 {[#] And now ...Rb8+ would win.} 43. Rc3 Kd4 {Strongly threatening ...Rb8+.} 44. Rf3 Ke4 45. Re3+ Kd4 46. Rf3 Ke4 47. Re3+ {Precision: White = 70%, Black = 58%.} 1/2-1/2

[Event "GCT Saint Louis Blitz 2018"]
[Site "Saint Louis"]
[Date "2018.08.14"]
[Round "8"]
[White "Caruana, Fabiano"]
[Black "Karjakin, Sergey"]
[Result "1-0"]
[WhiteElo "2709"]
[BlackElo "2898"]
[Annotator "TA"]
[PlyCount "49"]
[EventDate "2018.08.14"]
[EventType "tourn"]
[EventCountry "USA"]
[SourceTitle "playchess.com"]
[Source "ChessBase"]
[SourceQuality "1"]

{[%evp 17,49,-14,-10,-74,-73,-41,-27,-19,-19,-7,-12,-8,17,12,15,20,29,-6,68,51,94,82,311,308,463,461,444,454,427,408,698,693,681,673]} 1. c4 Nf6 2. Nc3 e5 {[%cal Be7e5,Be5e4][%mdl 32]} 3. Nf3 Nc6 4. a3 d5 5. cxd5 Nxd5 6. e3 {A28: Englische Eröffnung (Vierspringer-Variante)} (6. Qc2 Nxc3 7. dxc3 Bd6 8. e4 O-O 9. Bc4 Qe7 10. Bg5 Qe8 11. O-O-O Be6 12. Bd5 f6 13. Be3 Bxd5 14. Rxd5 Ne7 {½-½ (49) Topalov,V (2749)-Giri,A (2777) Shamkir 2018}) 6... Nxc3 7. bxc3 e4 8. Nd4 Ne5 9. Qc2 f5 {LiveBook: 4 Partien} 10. c4 $146 (10. Qb3 $11 {bleibt in der Remisbreite.}) ({Vorgänger:} 10. Qb3 c5 11. Bb5+ Ke7 12. f4 Nf7 13. Ne2 Nd6 {0-1 (45) Minasian,A (2432)-Golod,V (2573) Yerevan 2014}) 10... c5 $17 11. Nb5 Be7 12. Bb2 Bf6 13. Rd1 O-O 14. d4 cxd4 15. Bxd4 Qe7 16. c5 Be6 17. Qc3 Nc6 (17... Bd5 $11) 18. Bxf6 $14 Qxf6 19. Qxf6 Rxf6 $2 {[#]} (19... gxf6 $16 20. Nc7 Bb3) 20. Nc7 $1 $18 {[%cal Rc7a8]} Raf8 (20... Bb3 $142) 21. Nxe6 Rxe6 22. Bc4 Rfe8 23. Rd7 b5 (23... Na5 $142) 24. cxb6 axb6 25. Rd6 {Precision: Weiß = 78%, Schwarz = 25%.} 1-0

[Event "GCT Saint Louis Blitz 2018"]
[Site "Saint Louis"]
[Date "2018.08.14"]
[Round "9"]
[White "Karjakin, Sergey"]
[Black "So, Wesley"]
[Result "0-1"]
[WhiteElo "2898"]
[BlackElo "2800"]
[Annotator "TA"]
[PlyCount "134"]
[EventDate "2018.08.14"]
[EventType "tourn"]
[EventCountry "USA"]
[SourceTitle "playchess.com"]
[Source "ChessBase"]
[SourceQuality "1"]

{[%evp 15,134,0,3,-20,-27,-43,-37,-64,-39,-44,0,0,0,0,3,0,0,0,0,0,16,0,20,16,18,5,27,22,18,30,33,7,24,37,58,59,50,47,60,52,44,0,0,0,0,0,78,89,85,75,70,27,27,28,31,29,31,8,10,3,3,5,5,5,5,3,3,-8,0,0,6,9,28,28,34,9,6,0,5,2,2,2,2,2,2,2,2,2,2,2,2,2,13,2,2,0,0,0,0,0,0,0,0,0,0,0,0,0,0,0,0,0,0,0,0,0,0,0,0,0,0]} 1. b3 b6 2. Bb2 Bb7 3. Nf3 Nf6 4. e3 c5 5. c4 g6 6. Be2 Bg7 7. O-O O-O 8. Nc3 d5 {LiveBook: 12 Games. Black wants to play ...d4. A30: Symmetrical English: Double Fianchetto and Hedgehog} 9. cxd5 (9. Nxd5 Nxd5 10. Bxg7 Kxg7 11. cxd5 Qxd5 12. d4 Nd7 13. dxc5 Nxc5 14. Qc2 Qe4 15. Qb2+ Kg8 16. Rac1 {0-1 (84) Noroozi,O (2356)-Tabatabaei,M (2592) Bushehr 2018}) 9... Nxd5 10. Rc1 Nc6 $146 {Black is slightly better.} ({Predecessor:} 10... e6 11. a3 Nc6 12. Qc2 Rc8 13. Rfd1 Re8 14. Qb1 Nxc3 15. dxc3 Qe7 16. c4 {½-½ (67) Da Rosa,H (1582)-De Souza,A Sao Paulo 2018}) 11. Qc2 Ndb4 12. Qb1 $1 Ba6 13. Bxa6 Nxa6 14. d4 cxd4 15. Nb5 Qd5 16. Nbxd4 Nxd4 17. Bxd4 Rac8 18. b4 e5 19. Ba1 f6 20. a3 Nb8 21. h3 Nc6 22. Rfd1 Qe6 23. Bc3 Ne7 24. b5 Rfd8 25. Rxd8+ Rxd8 26. Bb4 $36 {[%mdl 2048] White fights for an advantage.} Nd5 27. Rc6 Qf7 28. Nd2 Nxb4 29. Qxb4 Bf8 30. Qc3 {With the idea Ne4.} Bxa3 (30... Qa2 $11 31. Qc4+ Qxc4 32. Nxc4 Rd1+ 33. Kh2 Rb1) 31. Ne4 $16 Be7 32. Rc7 Qe6 33. Rxa7 (33. Qa1 $5 {[%cal Ra1a7]}) 33... f5 $1 {[%cal Rf5e4]} 34. Qc6 Qxc6 35. bxc6 $11 {[%mdl 4096] Endgame KRB-KRN} Kf7 36. Nc3 Ke6 37. Nb5 {Threatens to win with Rb7.} Rc8 38. c7 Bd6 $1 39. Rb7 Kd7 {[%cal Rd6c7]} 40. Rxb6 Bxc7 41. Rf6 {[#] Black must now prevent Rf7+.} Ke7 42. Ra6 Bb8 43. g4 fxg4 44. hxg4 Rc4 45. Kf1 Kd7 {The position is equal.} 46. g5 Rg4 47. Rb6 Bc7 48. Rb7 Kc6 $1 {[%cal Rc6b7]} 49. Rxc7+ Kxb5 50. Rxh7 {KR-KR} Kc6 51. Ke2 (51. Rf7 {is interesting.} Rxg5 52. Rf6+ Kd7 53. Rb6 Ke7 54. Rc6) 51... Rxg5 52. Ra7 Kd6 53. Kd3 Rf5 54. Ra2 Rg5 55. f3 Ke6 56. Ke4 Rf5 57. Ra6+ Kf7 $1 58. Rb6 Rh5 59. Kd5 Rf5 60. Ke4 Rh5 61. Rc6 Rf5 62. Rc7+ Kf6 63. Rc8 Kf7 64. Rh8 Rg5 65. Kd5 Rf5 66. Rh3 Kf6 67. Rh8 Kg7 {[%mdl 32768] Precision: White = 55%, Black = 66%. . Sensor Board Error (Ke4/e5)?} 0-1

[Event "GCT Saint Louis Blitz 2018"]
[Site "Saint Louis"]
[Date "2018.08.14"]
[Round "9"]
[White "Aronian, Levon"]
[Black "Grischuk, Alexander"]
[Result "0-1"]
[WhiteElo "2871"]
[BlackElo "2831"]
[Annotator "TA"]
[PlyCount "60"]
[EventDate "2018.08.14"]
[EventType "tourn"]
[EventCountry "USA"]
[SourceTitle "playchess.com"]
[Source "ChessBase"]
[SourceQuality "1"]

{[%evp 27,60,-21,-17,-54,-41,-184,-187,-163,-186,-195,-186,-272,-260,-265,-263,-268,-260,-219,-167,-196,-161,-156,-141,-182,-122,-191,-182,-254,-196,-202,-118,-139,-141,-2525,-2442]} 1. e4 c5 2. Nf3 d6 3. d4 cxd4 4. Nxd4 Nf6 5. Nc3 a6 6. Be3 Ng4 7. Bc1 Nf6 8. f3 e6 9. Be3 b5 10. Qd2 Nbd7 11. g4 b4 {B80: Sizilianisch (Scheveninger System)} (11... h6 12. O-O-O b4 13. Na4 Ne5 14. Kb1 Bd7 15. b3 Bxa4 16. bxa4 Qc7 17. Be2 Be7 18. h4 Nc4 19. Bxc4 Qxc4 20. Qd3 {1-0 (49) Caruana,F (2802)-Hou,Y (2652) chess.com INT 2017}) 12. Nd1 h6 13. c4 bxc3 14. Nxc3 Bb7 {LiveBook: 9 Partien} 15. h4 d5 {[%cal Bd6d5,Bd5e4][%mdl 32]} 16. Rg1 (16. Bh3 $15) 16... dxe4 $19 17. g5 {[#]} hxg5 $146 ({Lieber nicht} 17... exf3 18. gxf6 Nxf6 19. O-O-O $14) ({Vorgänger:} 17... Nd5 18. g6 Qxh4+ {0-1 (53) Isik,E (2172)-Aroshidze,L (2522) Adana 2006}) 18. hxg5 Nd5 ({Schlechter ist} 18... exf3 19. gxf6 gxf6 20. O-O-O $14) 19. g6 (19. Nxd5 $142 Bxd5 20. f4) 19... Nxe3 20. gxf7+ Kxf7 21. Qxe3 {Schwarz sollte 0-0-0 verhindern.} Qh4+ 22. Kd1 Ne5 {[%cal Re5f3]} 23. Kc2 Nxf3 24. Nxf3 exf3 25. Rd1 {[#]} Rd8 (25... Be7 $1 $19 {Droht ...Dh6 und aus.} 26. Rd4 Qh2+ 27. Kb1 Rhb8 28. Qf4+ Qxf4 29. Rxf4+ Bf6) 26. Rxd8 (26. Bd3 $17 Rh6 27. Be4) 26... Qxd8 27. Qf4+ (27. Bd3 $142 Qc8 28. Kb1) 27... Kg8 {Weiss muss nun ...Db6 beachten.} 28. Bc4 {[#]} Qe7 (28... Qd6 $1 $19 29. Qxd6 Bxd6 30. Bxe6+ Kf8) 29. Rg6 $17 Rh4 30. Qe3 $2 {[%mdl 8192]} (30. Rg4 $17 Rh3 31. Ne4 Bxe4+ 32. Qxe4) 30... Rxc4 {Precision: Weiß = 38%, Schwarz = 84%.} 0-1

[Event "GCT Saint Louis Blitz 2018"]
[Site "Saint Louis"]
[Date "2018.08.14"]
[Round "9"]
[White "Mamedyarov, Shakhriyar"]
[Black "Anand, Viswanathan"]
[Result "1-0"]
[WhiteElo "2795"]
[BlackElo "2812"]
[Annotator "TA"]
[PlyCount "39"]
[EventDate "2018.08.14"]
[EventType "tourn"]
[EventCountry "USA"]
[SourceTitle "playchess.com"]
[Source "ChessBase"]
[SourceQuality "1"]

{[%evp 19,39,37,32,28,29,25,31,27,51,39,55,21,31,37,47,35,215,214,527,539,537,526]} 1. Nf3 d5 2. e3 Nf6 3. c4 e6 4. Nc3 c5 5. cxd5 exd5 6. d4 Nc6 7. Bb5 cxd4 8. exd4 Bd6 {B14: Caro-Kann: Panov-Botvinnik Attack with 5...e6 and 5...g6} 9. Bg5 (9. O-O O-O 10. Bg5 Bg4 11. Bxc6 bxc6 12. h3 Bh5 13. Re1 h6 14. Bh4 g5 15. Bg3 Qb8 16. Bxd6 Qxd6 {½-½ (54) Kuzubov,Y (2652)-Zhigalko,S (2644) Tbilisi 2017}) 9... Be6 10. O-O O-O {LiveBook: 4 Games. White is slightly better.} 11. Re1 Rc8 12. Ne5 h6 13. Bh4 {[%cal Bg5h4,Bh4g3,Bg3d6,Bd6e5][%mdl 32]} g5 14. Bg3 Ne7 $146 ({Predecessor:} 14... Bf5 15. Rc1 {1-0 (23) Kersten,U (2330)-Zumsande,M (2230) Bad Zwesten 1998}) 15. Nd7 Bxd7 16. Bxd6 Re8 $1 17. Qf3 $36 {[%mdl 2048] White has good play.} Nf5 $2 {[#]} (17... Nc6 $1 $14 18. Bxc6 (18. Nxd5 Rxe1+ 19. Rxe1 Nxd5 $14) 18... Bxc6 19. Rxe8+ Nxe8) 18. Be5 $1 $18 {[%cal Re5f6]} Ne4 $2 {[#]} (18... Rxc3 19. bxc3 Bxb5 20. Qxf5 Ne4) 19. Bxd7 $1 Qxd7 {[#]} 20. Nxd5 $1 {[%mdl 512]} 1-0